100 Minutes that will change the Way You Line (Record no. 9174)

MARC details
000 -LEADER
fixed length control field 00390nam a22001457a 4500
003 - CONTROL NUMBER IDENTIFIER
control field OSt
008 - FIXED-LENGTH DATA ELEMENTS--GENERAL INFORMATION
fixed length control field 201119b ||||| |||| 00| 0 eng d
020 ## - INTERNATIONAL STANDARD BOOK NUMBER
International Standard Book Number 9788178061221
100 ## - MAIN ENTRY--PERSONAL NAME
Personal name Prakash, L.
245 ## - TITLE STATEMENT
Title 100 Minutes that will change the Way You Line
Remainder of title Pearls of Wisdom
260 ## - PUBLICATION, DISTRIBUTION, ETC. (IMPRINT)
Place of publication, distribution, etc New Delhi
Name of publisher, distributor, etc Unicorn Books
Date of publication, distribution, etc 2016
300 ## - PHYSICAL DESCRIPTION
Extent 127p.
650 ## - SUBJECT ADDED ENTRY--TOPICAL TERM
Topical term or geographic name as entry element B.A Hons. English
942 ## - ADDED ENTRY ELEMENTS (KOHA)
Source of classification or shelving scheme Dewey Decimal Classification
Koha item type Text Books
942 ## - ADDED ENTRY ELEMENTS (KOHA)
-- 2
Holdings
Withdrawn status Lost status Source of classification or shelving scheme Damaged status Not for loan Collection code Home library Current library Date acquired Source of acquisition Currency Cost, normal purchase price Bill Number Total Checkouts Acc. no. / Barcode Date last seen Date last borrowed Actual Cost, discounted price Bill Date Koha item type
    Dewey Decimal Classification     B.A Hons. English PIET NCR College Library PIET NCR College Library 19/11/2020 Kirti Prakashan In Rupees 135.00 IN438 1 N524 22/07/2021 12/03/2021 94.50 07/09/2020 Reference Books

Design & Developed by: PIET Central Library
R70 Miles Stone Pattikalyana Samalkha Panipat 132102
mail ID :- [email protected], Phone No:- 0180-2569700 Ex.216